| 000 | 00516nam a2200181Ia 4500 | ||
|---|---|---|---|
| 005 | 20250328142912.0 | ||
| 008 | 231217s9999 xx 000 0 und d | ||
| 020 | _a9788131704929 | ||
| 082 | _a621.38481 OPP;20 | ||
| 100 | _aOppenheim, Alan V. Schafer, Ronald W. Buck, John R. | ||
| 245 | 0 | _aDiscrete time signal processing | |
| 250 | _a2nd ed. | ||
| 260 |
_c1999 _bDorling Kindersley _aNew Delhi |
||
| 300 | _a888 | ||
| 500 | _aContent pages available. | ||
| 650 | _aDiscrete,time,processing | ||
| 942 | _cAA | ||
| 999 |
_c188321 _d188321 |
||